[Event "Asian-ch Amateur"]
[Site "Isfahan"]
[Date "2016.11.17"]
[Round "8.5"]
[White "Rezaei Abari, Farzin"]
[Black "Roohparvar, A Reza"]
[Result "1/2-1/2"]
[WhiteElo "2027"]
[BlackElo "2083"]
[PlyCount "123"]
[EventDate "2016.11.12"]
[EventType "swiss"]
[EventRounds "9"]
[EventCountry "IRI"]
[SourceTitle "EXT 2024"]
[Source "ChessBase"]
[SourceDate "2023.10.10"]
[SourceVersion "1"]
[SourceVersionDate "2023.10.10"]
[SourceQuality "1"]

1. e4 d6 2. Nc3 Nf6 3. d4 g6 4. f3 Bg7 5. Be3 Nc6 6. Qd2 e5 7. d5 Nb4 8. a3 Na6 9. Bh6 Nxe4 10. Nxe4 Qh4+ 11. g3 Qxh6 12. Bb5+ Kd8 13. Ng5 Rf8 14. Bxa6 bxa6 15. Ne2 f6 16. Ne4 Qxd2+ 17. Nxd2 f5 18. 0-0-0 Rb8 19. Nc4 Bd7 20. Nc3 Ke7 21. Na5 Kf7 22. Rhe1 Rfe8 23. Rd3 e4 24. fxe4 fxe4 25. Nxe4 Bxb2+ 26. Kd2 Bf5 27. Rf3 Kg7 28. Ng5 Rxe1 29. Kxe1 Re8+ 30. Kd2 Bd4 31. Nc6 Bc5 32. Rb3 h6 33. Ne6+ Bxe6 34. dxe6 Rxe6 35. Rb7 Bb6 36. Nxa7 Re8 37. Nc6 Rf8 38. Nb4 Rf2+ 39. Kc1 Rxh2 40. Nxa6 Kf6 41. Nxc7 Bc5 42. a4 Rg2 43. Rb3 Bf2 44. a5 Rxg3 45. Rxg3 Bxg3 46. Nb5 h5 47. Nd4 d5 48. a6 Bb8 49. Nc6 Bf4+ 50. Kd1 Be3 51. Ke2 Bb6 52. Kf3 g5 53. a7 Bxa7 54. Nxa7 Kf5 55. Nb5 g4+ 56. Kg3 Ke4 57. Nc7 d4 58. Ne6 Ke3 59. Nf4 Kd2 60. Nxh5 Kxc2 61. Nf4 d3 62. Nxd3 1/2-1/2

[Event "Asian-ch Amateur"]
[Site "Isfahan"]
[Date "2016.11.14"]
[Round "4.2"]
[White "Vahidi, Mohammad"]
[Black "Roohparvar, A Reza"]
[Result "1/2-1/2"]
[WhiteElo "2017"]
[BlackElo "2083"]
[PlyCount "128"]
[EventDate "2016.11.12"]
[EventType "swiss"]
[EventRounds "9"]
[EventCountry "IRI"]
[SourceTitle "EXT 2024"]
[Source "ChessBase"]
[SourceDate "2023.10.10"]
[SourceVersion "1"]
[SourceVersionDate "2023.10.10"]
[SourceQuality "1"]

1. d4 Nf6 2. Nf3 e6 3. Bg5 c5 4. c3 d5 5. Nbd2 Nbd7 6. e3 b6 7. Bd3 Bb7 8. Qb1 Be7 9. b4 cxd4 10. cxd4 0-0 11. 0-0 h6 12. Bh4 Rc8 13. a3 Nh5 14. Bxe7 Qxe7 15. Rc1 Nhf6 16. Qb2 Ne4 17. Rxc8 Rxc8 18. Rc1 Qd8 19. Rc2 Nd6 20. Qc1 b5 21. Nb3 Rxc2 22. Bxc2 Nb6 23. Nc5 Nbc4 24. Ne5 Qc7 25. Ned3 Bc8 26. Qa1 a5 27. a4 axb4 28. axb5 Nxb5 29. Nxb4 Nba3 30. Bd3 Qb6 31. Bxc4 Nxc4 32. Nbd3 Bb7 33. h3 Bc6 34. Qa2 Qa5 35. Qxa5 Nxa5 36. f3 Bb5 37. Kf2 Kf8 38. h4 Ke7 39. Ne5 Be8 40. Ned3 Kd6 41. f4 f6 42. g4 Nc4 43. Nb7+ Ke7 44. Nbc5 Bb5 45. Nb4 Nd2 46. Nbd3 Kd6 47. Nb7+ Ke7 48. Nbc5 Bxd3 49. Nxd3 Ne4+ 50. Kf3 Kd6 51. Nb4 g5 52. hxg5 hxg5 53. fxg5 Nxg5+ 54. Kf4 Ne4 55. Nd3 Kc6 56. Kf3 Kb5 57. Nf4 Ng5+ 58. Ke2 Kc4 59. Nh5 Ne4 60. Ng7 Ng5 61. Ne8 Ne4 62. Ng7 Ng5 63. Ne8 Ne4 64. Ng7 Ng5 1/2-1/2

[Event "Bushehr Lian op 7th"]
[Site "Bushehr"]
[Date "2015.11.15"]
[Round "8"]
[White "Samareh Shahpasand, Farshad"]
[Black "Roohparvar, A Reza"]
[Result "1-0"]
[WhiteElo "2079"]
[BlackElo "2096"]
[PlyCount "143"]
[EventDate "2015.11.11"]
[EventType "swiss"]
[EventRounds "9"]
[EventCountry "IRI"]
[SourceTitle "CBM 169 Extra"]
[Source "ChessBase"]
[SourceDate "2015.12.18"]
[SourceVersion "1"]
[SourceVersionDate "2015.12.18"]
[SourceQuality "1"]

1. e4 c5 2. c3 g6 3. d4 cxd4 4. cxd4 d5 5. e5 Bg7 6. Nc3 Nc6 7. h3 f6 8. exf6 exf6 9. Nf3 Nge7 10. Be2 Be6 11. 0-0 Qd6 12. Nb5 Qb8 13. g3 Bxh3 14. Bf4 Qd8 15. Nd6+ Kf8 16. Nxb7 Qb6 17. Nc5 Kf7 18. Na4 Qd8 19. Re1 Re8 20. a3 Nf5 21. Rc1 Re6 22. Nc5 Re7 23. b4 Bg4 24. Nb3 Bxf3 25. Rxc6 Qe8 26. Rc7 Be4 27. f3 Rxc7 28. fxe4 Bh6 29. Bxc7 Ne3 30. Qb1 Qd7 31. Bf4 Bxf4 32. gxf4 Qh3 33. Kf2 Re8 34. Nc5 Ng4+ 35. Bxg4 Qxg4 36. Qc1 Qh4+ 37. Ke2 Qg4+ 38. Kd3 dxe4+ 39. Nxe4 Qd7 40. Re3 Kg7 41. Qc5 Rc8 42. Qd6 Qb5+ 43. Kd2 Qc4 44. Qxf6+ Kg8 45. Rc3 Qa2+ 46. Kd3 Rf8 47. Qe7 Rf7 48. Rc8+ Kg7 49. Qe5+ Kh6 50. Qg5+ Kg7 51. Rc3 Qa1 52. Qe5+ Kh6 53. Kd2 Qa2+ 54. Kd3 Qb1+ 55. Kc4 Qf1+ 56. Kc5 Rf5 57. d5 Rxe5 58. fxe5 Qf5 59. Kd4 g5 60. e6 Qf8 61. d6 Qh8+ 62. Kd5 Kg6 63. d7 Kf5 64. Rf3+ Kg4 65. Rf7 Qa8+ 66. Ke5 Qb8+ 67. Nd6 Qh8+ 68. Kd5 Qa8+ 69. Kc5 Qd8 70. e7 Qc7+ 71. Kd5 Qxd7 72. e8Q 1-0

[Event "Bushehr Lian op 7th"]
[Site "Bushehr"]
[Date "2015.11.11"]
[Round "1"]
[White "Roohparvar, A Reza"]
[Black "Hashemi, Fardin"]
[Result "1-0"]
[WhiteElo "2096"]
[BlackElo "1533"]
[PlyCount "77"]
[EventDate "2015.11.11"]
[EventType "swiss"]
[EventRounds "9"]
[EventCountry "IRI"]
[SourceTitle "CBM 169 Extra"]
[Source "ChessBase"]
[SourceDate "2015.12.18"]
[SourceVersion "1"]
[SourceVersionDate "2015.12.18"]
[SourceQuality "1"]

1. e4 c5 2. d4 cxd4 3. c3 Nc6 4. cxd4 d6 5. d5 Ne5 6. f4 Ng6 7. Nf3 Nf6 8. Nc3 a6 9. Be3 b5 10. Bd3 Ng4 11. Bd2 b4 12. Qa4+ Bd7 13. Qxb4 Rb8 14. Qd4 Rxb2 15. h3 Nf6 16. e5 dxe5 17. fxe5 Ng8 18. e6 fxe6 19. Bxg6+ hxg6 20. Qe4 Qb6 21. Qxg6+ Kd8 22. dxe6 Qxe6+ 23. Qxe6 Bxe6 24. 0-0-0 Rb7 25. Rhe1 Bd7 26. Ne5 Ke8 27. Ne4 Bf5 28. Ba5 Rb8 29. Nc6 Rb5 30. Nd6+ Kd7 31. Nxb5+ Kxc6 32. Nd4+ Kb7 33. Nxf5 Rh5 34. Rd7+ Kc6 35. Rc7+ Kb5 36. Re5+ Ka4 37. Rc4+ Ka3 38. Re3+ Kxa2 39. Ra4# 1-0

[Event "Rafsanjan op 1st"]
[Site "Rafsanjan"]
[Date "2015.08.15"]
[Round "9"]
[White "Roohparvar, A Reza"]
[Black "Kanan Azer, Nasser"]
[Result "1-0"]
[WhiteElo "1995"]
[BlackElo "2028"]
[PlyCount "85"]
[EventDate "2015.08.10"]
[EventType "swiss"]
[EventRounds "9"]
[EventCountry "IRI"]
[SourceTitle "EXT 2016"]
[Source "ChessBase"]
[SourceDate "2015.10.08"]
[SourceVersion "1"]
[SourceVersionDate "2015.10.08"]
[SourceQuality "1"]

1. Nf3 b5 2. e4 Bb7 3. Bxb5 Bxe4 4. Nc3 Bb7 5. d4 e6 6. 0-0 Nf6 7. Bc4 d6 8. Be3 Nbd7 9. d5 e5 10. a4 a6 11. h3 Be7 12. a5 0-0 13. Ra3 Bc8 14. Na2 Ne4 15. Nb4 f5 16. Nc6 Qe8 17. Nfxe5 f4 18. Nxe7+ Qxe7 19. Nc6 Qg5 20. Bd4 Kh8 21. Re1 Ndf6 22. Bxf6 Nxf6 23. Qf3 Bf5 24. Nd4 Rfe8 25. Rxe8+ Rxe8 26. Nxf5 Qxf5 27. Qd1 Re4 28. Bxa6 Qe5 29. Ra1 g5 30. Bd3 Rb4 31. a6 Nxd5 32. a7 Nb6 33. a8Q+ Nxa8 34. Rxa8+ Kg7 35. Qh5 Qe1+ 36. Kh2 Qxf2 37. Qxg5+ Kf7 38. Qf5+ Ke7 39. Qxh7+ Ke6 40. Qf5+ Ke7 41. Rg8 d5 42. Qe5+ Kd7 43. Rg7+ 1-0

[Event "Rafsanjan op 1st"]
[Site "Rafsanjan"]
[Date "2015.08.14"]
[Round "8"]
[White "Samareh Shahpasand, Farshad"]
[Black "Roohparvar, A Reza"]
[Result "1/2-1/2"]
[WhiteElo "2004"]
[BlackElo "1995"]
[PlyCount "97"]
[EventDate "2015.08.10"]
[EventType "swiss"]
[EventRounds "9"]
[EventCountry "IRI"]
[SourceTitle "EXT 2016"]
[Source "ChessBase"]
[SourceDate "2015.10.08"]
[SourceVersion "1"]
[SourceVersionDate "2015.10.08"]
[SourceQuality "1"]

1. e4 e5 2. Nf3 Nc6 3. Bb5 a6 4. Ba4 Nf6 5. 0-0 Be7 6. Re1 b5 7. Bb3 d6 8. c3 0-0 9. h3 Na5 10. Bc2 c5 11. d4 Qc7 12. d5 Nc4 13. b3 Nb6 14. Be3 Bd7 15. Nbd2 a5 16. c4 a4 17. Qe2 Ra5 18. Bd3 Rfa8 19. b4 cxb4 20. cxb5 Nfxd5 21. exd5 Nxd5 22. b6 Qd8 23. Nc4 Nc3 24. Qc2 e4 25. b7 exd3 26. bxa8Q Rxa8 27. Qxd3 Bb5 28. Bb6 Qd7 29. Bd4 d5 30. Bxc3 Bxc4 31. Qe3 Bf8 32. Bd4 Rc8 33. Ne5 Qf5 34. Qf3 Qxf3 35. Nxf3 f6 36. Nd2 Bd3 37. Rec1 Rb8 38. Rc7 Re8 39. Be3 Bd6 40. Ra7 Be5 41. Re1 Bc3 42. f3 b3 43. axb3 axb3 44. Rb7 b2 45. Bf2 Rxe1+ 46. Bxe1 Bxd2 47. Bxd2 b1Q+ 48. Rxb1 Bxb1 49. Kf2 1/2-1/2

[Event "Hamadan Iran op 11th"]
[Site "Hamadan"]
[Date "2012.07.18"]
[Round "11"]
[White "Ryahi, Naser"]
[Black "Roohparvar, A Reza"]
[Result "0-1"]
[WhiteElo "2217"]
[BlackElo "2060"]
[PlyCount "129"]
[EventDate "2012.07.11"]
[EventType "swiss"]
[EventRounds "11"]
[EventCountry "IRI"]
[SourceTitle "CBM 149 Extra"]
[Source "ChessBase"]
[SourceDate "2012.08.24"]
[SourceVersion "1"]
[SourceVersionDate "2012.08.24"]
[SourceQuality "1"]

1. Nf3 c5 2. b3 d5 3. e3 Nc6 4. Bb2 a6 5. d4 cxd4 6. exd4 Bg4 7. Nbd2 e6 8. a3 Bd6 9. Be2 Qc7 10. h3 Bh5 11. 0-0 Nf6 12. c4 0-0 13. c5 Bf4 14. b4 Rfe8 15. Re1 Bg6 16. Bf1 Qe7 17. g3 Bc7 18. Bg2 h6 19. Ne5 Nxe5 20. dxe5 Nd7 21. Nb3 Rec8 22. Rc1 b6 23. Bd4 bxc5 24. Nxc5 Bb6 25. Nb3 Qg5 26. Bxb6 Nxb6 27. Na5 Rxc1 28. Qxc1 Rc8 29. Qxg5 hxg5 30. Bf1 Rc3 31. Bxa6 d4 32. Rd1 d3 33. Nb7 Be4 34. f3 Bxf3 35. Rd2 Bxb7 36. Bxb7 Nc4 37. Rd1 Nb2 38. Rd2 Rc2 39. Rf2 g4 40. hxg4 Nd1 41. Rf4 Nc3 42. Bf3 d2 43. Rd4 Rc1+ 44. Kf2 d1Q 45. Bxd1 Nxd1+ 46. Ke2 Nb2 47. b5 Nc4 48. a4 Nb6 49. Rd8+ Kh7 50. a5 Nd5 51. b6 Rb1 52. Rd7 Nb4 53. b7 Na6 54. Rd6 Nb8 55. a6 Ra1 56. Rd8 Nxa6 57. Ra8 Rb1 58. Rxa6 Rxb7 59. Ra4 Rb3 60. Kf2 Kg6 61. Re4 Rb5 62. Kf3 Rb2 63. Kf4 Rb3 64. g5 Kh5 65. Ra4 0-1

[Event "Hamadan Iran op 11th"]
[Site "Hamadan"]
[Date "2012.07.16"]
[Round "9"]
[White "Sedaghat Khah, Hamid Reza"]
[Black "Roohparvar, A Reza"]
[Result "0-1"]
[WhiteElo "1879"]
[BlackElo "2060"]
[PlyCount "96"]
[EventDate "2012.07.11"]
[EventType "swiss"]
[EventRounds "11"]
[EventCountry "IRI"]
[SourceTitle "CBM 149 Extra"]
[Source "ChessBase"]
[SourceDate "2012.08.24"]
[SourceVersion "1"]
[SourceVersionDate "2012.08.24"]
[SourceQuality "1"]

1. c4 c5 2. g3 g6 3. Bg2 Bg7 4. Nc3 e6 5. Nf3 Ne7 6. 0-0 0-0 7. d3 d6 8. a3 Nbc6 9. Rb1 a6 10. Bd2 Rb8 11. b4 cxb4 12. axb4 b5 13. cxb5 axb5 14. e3 d5 15. Qb3 e5 16. e4 d4 17. Ne2 Be6 18. Qb2 f6 19. Ne1 Qd6 20. f4 Rfc8 21. Nf3 h6 22. fxe5 fxe5 23. Ra1 Rc7 24. Ra6 Nc8 25. Qc1 Kh7 26. Nexd4 Nxd4 27. Rxd6 Rxc1 28. Nxd4 Rxf1+ 29. Kxf1 Bg4 30. Nxb5 Rxb5 31. Rc6 Rb7 32. h3 Bd7 33. Rc5 Ne7 34. Bc3 Nc6 35. Rd5 Nd4 36. Rd6 Bb5 37. Kf2 Bxd3 38. Ke3 Bc4 39. h4 Rc7 40. Bb2 h5 41. Bh3 Bb5 42. Bxd4 exd4+ 43. Kf4 Rf7+ 44. Bf5 gxf5 45. exf5 Bd3 46. g4 hxg4 47. Kxg4 Be2+ 48. Kf4 d3 0-1